Word Ladder: Growing Up Quiz Stats

Quiz Updated Mar 24, 2015

Challenge
Share
Tweet
Embed
Score 0/25 Timer 04:00
0 Plays Today
Clue 5-Letter Word % Correct
Bathroom weigherSCALE
95.8%
A bit of postageSTAMP
91.9%
Harpoon's targetWHALE
91.8%
Fastener on a necklaceCLASP
91.3%
Come into conflict, like colorsCLASH
90.8%
Flat rock often storing oilSHALE
90.5%
Resell ticketsSCALP
90.2%
/SLASH
90.2%
Perplex with a hard questionSTUMP
89.7%
Short timeWHILE
88.6%
A person under ageCHILD
88%
RascalSCAMP
87.9%
A cold streak in sportsSLUMP
87.3%
Clue 5-Letter Word % Correct
Fastener like a viseCLAMP
86.7%
A handful of hairCLUMP
86.6%
Easter Island's countryCHILE
86%
'That movie is ___-see!' (2 words)A MUST
85.8%
A person of ageADULT
82.8%
Play with or entertainAMUSE
75.3%
MistreatmentABUSE
74.8%
Dried or burnedADUST
70.9%
Downgrade, as one's rankABASE
44.7%
Hurt, or embarrassABASH
39.2%
Bluster or to cause a splashSWASH
35.8%
InundatedAWASH
35.5%

Today's Daily Dose

Missing Word
Actress of Thrones

Word Ladder
Black Phrases

Quick Pick
'B' Beverages

On This Day
February 21st II

You're not logged in!

Compare scores with friends on all Sporcle quizzes.
Sign Up with Email
OR
Log In

You Might Also Like...

Show Comments

Extras

Top Quizzes Today


Score Distribution

Your Account Isn't Verified!

In order to create a playlist on Sporcle, you need to verify the email address you used during registration. Go to your Sporcle Settings to finish the process.